| 000 | 00396nam a2200109Ia 4500 | ||
|---|---|---|---|
| 008 | 180321s1999 xx 000 0 und d | ||
| 082 | _a338.9 ICR | ||
| 245 | _aSeminar Proceedings: Human development report 1999 Globalisation and human development | ||
| 260 |
_aNew Delhi _bIndian Council for Research on International Econo _c1999 |
||
| 300 | _a33 | ||
| 650 | _aHuman Development Report 1999 - India | ||
| 999 |
_c110870 _d110870 |
||